Orient Blackswan Atlas For Competitive Exams (Record no. 84036)
[ view plain ]
| 000 -LEADER | |
|---|---|
| fixed length control field | 00290nam a2200109Ia 4500 |
| 082 ## - DEWEY DECIMAL CLASSIFICATION NUMBER | |
| Classification number | 912 |
| 100 ## - MAIN ENTRY--AUTHOR NAME | |
| Personal name | Orient Blackswan |
| 245 ## - TITLE STATEMENT | |
| Title | Orient Blackswan Atlas For Competitive Exams |
| 260 ## - PUBLICATION, DISTRIBUTION, ETC. (IMPRINT) | |
| Place of publication | Hyderabad |
| Name of publisher | Orient BlackSwan |
| Year of publication | 2018 |
| 942 ## - ADDED ENTRY ELEMENTS (KOHA) | |
| Koha item type | Z |
| Withdrawn status | Lost status | Home library | Current library | Date acquired | Full call number | Accession Number | Koha item type | Department |
|---|---|---|---|---|---|---|---|---|
| Modern College of Arts, Science and Commerce (Autonomous), Shivajinagar, Pune-5 | Modern College of Arts, Science and Commerce (Autonomous), Shivajinagar, Pune-5 | 912 | Z-61 | Z | Geography |
